header

Gut instincts : (Record no. 144348)

MARC details
000 -LEADER
fixed length control field 01877nam a2200397 i 4500
001 - CONTROL NUMBER
control field ebr10801885
003 - CONTROL NUMBER IDENTIFIER
control field CaPaEBR
006 - FIXED-LENGTH DATA ELEMENTS--ADDITIONAL MATERIAL CHARACTERISTICS--GENERAL INFORMATION
fixed length control field m o d
007 - PHYSICAL DESCRIPTION FIXED FIELD--GENERAL INFORMATION
fixed length control field cr cn|||||||||
008 - FIXED-LENGTH DATA ELEMENTS--GENERAL INFORMATION
fixed length control field 110614t20122012njua obf 001 0 eng|d
020 ## - INTERNATIONAL STANDARD BOOK NUMBER
Cancelled/invalid ISBN 9781556429774 (alk. paper)
Cancelled/invalid ISBN 1556429770 (alk. paper)
International Standard Book Number 9781617117664 (e-book)
040 ## - CATALOGING SOURCE
Original cataloging agency CaPaEBR
Language of cataloging eng
Description conventions rda
-- pn
Transcribing agency CaPaEBR
035 ## - SYSTEM CONTROL NUMBER
System control number (OCoLC)874967783
050 14 - LIBRARY OF CONGRESS CALL NUMBER
Classification number RC801
Item number .G88 2012eb
082 04 - DEWEY DECIMAL CLASSIFICATION NUMBER
Classification number 616.3/62
Edition number 23
245 00 - TITLE STATEMENT
Title Gut instincts :
Remainder of title a clinician's handbook of digestive and liver diseases /
Statement of responsibility, etc edited by Eric Esrailian.
264 #1 - PRODUCTION, PUBLICATION, DISTRIBUTION, MANUFACTURE, AND COPYRIGHT NOTICE
Place of production, publication, distribution, manufacture Thorofare, NJ :
Name of producer, publisher, distributor, manufacturer SLACK Incorporated,
Date of production, publication, distribution, manufacture, or copyright notice [2012]
Date of production, publication, distribution, manufacture, or copyright notice �2012
300 ## - PHYSICAL DESCRIPTION
Extent 1 online resource (369 pages) :
Other physical details illustrations
336 ## - CONTENT TYPE
Content type term text
Source rdacontent
337 ## - MEDIA TYPE
Media type term computer
Source rdamedia
338 ## - CARRIER TYPE
Carrier type term online resource
Source rdacarrier
504 ## - BIBLIOGRAPHY, ETC. NOTE
Bibliography, etc Includes bibliographical references and index.
505 0# - FORMATTED CONTENTS NOTE
Formatted contents note section I. Upper gastrointestinal tract -- section II. Lower gastrointestinal tract -- section III. Hepatology -- section IV. Endoscopy.
588 ## - SOURCE OF DESCRIPTION NOTE
Source of description note Description based on print version record.
590 ## - LOCAL NOTE (RLIN)
Local note Electronic reproduction. Palo Alto, Calif. : ebrary, 2013. Available via World Wide Web. Access may be limited to ebrary affiliated libraries.
650 #0 - SUBJECT ADDED ENTRY--TOPICAL TERM
Topical term or geographic name as entry element Gastrointestinal system
General subdivision Diseases
Form subdivision Handbooks, manuals, etc.
Topical term or geographic name as entry element Liver
General subdivision Diseases
Form subdivision Handbooks, manuals, etc.
655 #0 - INDEX TERM--GENRE/FORM
Genre/form data or focus term Electronic books.
700 1# - ADDED ENTRY--PERSONAL NAME
Personal name Esrailian, Eric.
776 08 - ADDITIONAL PHYSICAL FORM ENTRY
Display text Print version:
Title Gut instincts : a clinician's handbook of digestive and liver diseases.
Place, publisher, and date of publication Thorofare, NJ : SLACK Incorporated, [2012]
Physical description xxiii, 339 pages ; 22 cm
International Standard Book Number 9781556429774
Record control number (OCoLC)ocn731127516
-- (DLC)10801885
797 2# - LOCAL ADDED ENTRY--CORPORATE NAME (RLIN)
Corporate name or jurisdiction name as entry element ebrary.
856 40 - ELECTRONIC LOCATION AND ACCESS
Uniform Resource Identifier <a href="http://site.ebrary.com/lib/rucke/Doc?id=10801885">http://site.ebrary.com/lib/rucke/Doc?id=10801885</a>
Public note An electronic book accessible through the World Wide Web; click to view

No items available.

© 2026 Rongo University
Contact us: librarian | system librarian | Rongo university